| 000 | 01257nam a2200349 i 4500 | ||
|---|---|---|---|
| 001 | 000004329 | ||
| 003 | DO-SdBNP | ||
| 005 | 20260429132139.0 | ||
| 007 | ta | ||
| 008 | 090721s1984 dr r 000 0 spa d | ||
| 040 |
_aDO-SdBNP _bspa _cBNPHU _erda |
||
| 041 | _aspa | ||
| 082 | 4 |
_a071.97293 _bM385p 1984 _222 |
|
| 100 |
_aMartínez Paulino, Marcos Antonio, _eautor _4aut. _912765 |
||
| 245 | 1 | 0 |
_aPublicaciones periódicas dominicanas desde la colonia / _cMarcos Antonio Martínez Paulino. |
| 250 | _asegunda edición | ||
| 264 | 4 |
_aSan Pedro de Macorís : _bUniversidad Central del Este, _c©1984. |
|
| 300 |
_a287 páginas ; _c24 cm. |
||
| 336 |
_atexto _btxt _2rdacontent |
||
| 337 |
_asin mediación _bn _2rdamedia |
||
| 338 |
_avolumen _bnc _2rdacarrier |
||
| 490 | 1 |
_aUniversidad Central del Este (UCE) _v54 |
|
| 490 | 1 |
_aBibliográfica _v1 |
|
| 500 | _aIncluye referencias bibliográficas y notas al pie de las páginas | ||
| 500 | _aIncluye índice | ||
| 590 | _aInventariado, 2024/BT | ||
| 650 | 4 |
_aRevistas dominicanas _xHistoria _912766 |
|
| 650 | 4 |
_aPrensa dominicana _xHistoria _912767 |
|
| 830 | 0 |
_aUniversidad Central del Este (UCE) _n54 _pBibliográfica _v1 _989431 |
|
| 910 | _aValidado. control de calidad. MFF | ||
| 942 |
_2ddc _cLBS1 |
||
| 999 |
_c4138 _d4138 |
||